|
|
|
|
| LEADER |
01259Cam#a2200325#a#4500 |
| 001 |
026988 |
| 005 |
20160707161503.0 |
| 008 |
141121s2013||||xx # f#b #000|0#spa#d |
| 040 |
|
|
|a AR-BeUNQ
|b spa
|
| 082 |
0 |
4 |
|a 615.8515
|2 21
|
| 245 |
0 |
0 |
|a Trabajo final :
|b un milagro para Helen /
|c alumnas, Romina García ... [et al.] ; profesora, Susana Haddad.
|
| 260 |
|
|
|a
|c 2013.
|
| 300 |
|
|
|a 30 p. ;
|c 31 cm.
|
| 500 |
|
|
|a Trabajo práctico presentado para la materia Pedagogía Especial, Universidad Nacional de Quilmes, año 2013.
|
| 500 |
|
|
|a Docente: Susana Haddad.
|
| 504 |
|
|
|a Incluye bibliografía.
|
| 505 |
0 |
|
|a Análisis del personaje de ficción Helen Keller, de la película "Un milagro para Helen"
|
| 942 |
|
|
|c TP
|n 0
|
| 650 |
|
7 |
|a Trabajos prácticos
|2 toit
|
| 650 |
|
7 |
|a Películas (Cinematografía)
|2 spines
|
| 650 |
|
7 |
|a Terapia ocupacional
|2 toit
|
| 650 |
|
7 |
|a Pedagogía
|2 spines
|
| 700 |
1 |
|
|a García, Romina,
|e aut.
|4 aut
|
| 700 |
1 |
|
|a Godoy, Sabrina,
|e aut.
|4 aut
|
| 700 |
1 |
|
|a Leis, Melani,
|e aut.
|4 aut
|
| 700 |
1 |
|
|a Brizuela, Florencia,
|e aut.
|4 aut
|
| 700 |
1 |
|
|a Rizzi, Priscila,
|e aut.
|4 aut
|
| 700 |
1 |
|
|a Vanin, Romina,
|e aut.
|4 aut
|
| 929 |
|
|
|a DONACION
|b Romina García
|d 0,00
|e 20141003
|f PAT0055320
|g 2653 Exp. 827-0387/98
|j 52256
|
| 999 |
|
|
|c 1638
|d 77025
|